| 000 | 00638nam a2200181Ia 4500 | ||
|---|---|---|---|
| 003 | GCL | ||
| 008 | 140319s9999 xx 000 0 ara d | ||
| 040 |
_aGCL / _cGCL |
||
| 082 | 0 | 4 |
_a266.4 _bن م |
| 100 | 1 | _aبديع محمد جمعة | |
| 245 | 1 | 0 |
_aمنطق الطير (هدية من الاديب عبدالفتاح الجمل) / _cبديع محمد جمعة |
| 700 | 1 | _aالنيسابورى, فريدالدين العطار | |
| 300 | _a463 ص | ||
| 490 |
_aالهيئة العامة للاستعلامات _v0 |
||
| 650 | 0 | 4 | _aالتصوف الاسلامى |
| 650 | 0 | 4 | _aالنيسابورى, فريدالدين |
| 942 |
_2ddc _cBK |
||
| 999 |
_c47367 _d47367 |
||